=LDR 00000nam 2200000 4500 =001 INLIS000000000003928 =005 20130612092226 =008 ***********************************Ind** =035 ##$$0010-061300000003928 =041 ##$$a Ind =082 ##$$a 904 =090 ##$$a 904, Ram p =100 ##$$a Rambe, Hanna =245 ##$$a Petualangan Effendy Sukman dengan Cadik Nusantara, Hanna Rambe =260 ##$$a 1992 $b Jakarta =300 ##$$a 127 hlm., ilus., 21 cm =650 ##$$a Petualangan =850 ##$$a NBPNMAT